000 00692nam a22001817a 4500
999 _c59382
_d59382
003 Ge_BSU
005 20230202110032.0
008 230202s1998 ge ||||| |||| 00| 0 geo d
041 _ageo
080 _a343.9(075.8) გ-74
100 _aგოძიაშვილი, ირაკლი
_94954
245 _aკრიმინოლოგია :
_b[სახელმძღვ. სტუდ.] /
_cირაკლი გოძიაშვილი; [რედ.: გ. ღლონტი].
264 _aთბილისი,
_c 1998.
300 _a208 გვ. ;
_b20 სმ.
653 _aკრიმინოლოგია
653 _aსამართალი
942 _2udc
_cBK